Propuesta de manual de funciones y procedimientos de trabajo en el almacén fiscal ANBER S.A, ubicado en la ciudad de Managua

El presente estudio tiene como objetivo una propuesta de un manual de funciones y procedimientos para el almacén, estas son herramientas que permiten la estandarización de las actividades llevadas a cabo en el interior de la organización. Este manual servirá de apoyo y orientación a la empresa,...

Full description

Bibliographic Details
Main Authors: Zúniga Rosales, Jorge Eduardo, Osorio Escobar, Juan José
Other Authors: Tutor: Vílchez Torres, Marcos Luis
Format: Tesis Section = Libro
Language:Undetermined
Spanish
Published: Managua UNI 2021
Subjects:
LEADER 01380nam a2200253Ia 4500
008 240830s9999 xx 000 0 und d
040 |a BIBLIOTECA-RUPAP/ Mon 658.306 Z95 
041 |a spa 
082 |a Mon 658.306 Z95 
100 1 |a Zúniga Rosales, Jorge Eduardo 
100 1 |b Osorio Escobar, Juan José 
245 1 0 |a Propuesta de manual de funciones y procedimientos de trabajo en el almacén fiscal ANBER S.A, ubicado en la ciudad de Managua 
260 |a Managua  |b UNI  |c 2021 
300 |a 311 p. : il. 
500 |a Contiene: anexos y CD. 
502 |a Tesis (Ingeniero Industrial) - UNI, 2021. 
520 3 |a El presente estudio tiene como objetivo una propuesta de un manual de funciones y procedimientos para el almacén, estas son herramientas que permiten la estandarización de las actividades llevadas a cabo en el interior de la organización. Este manual servirá de apoyo y orientación a la empresa, cuyo objetivo principal es documentar de manera ordenada y precisa todo lo relacionado con los procesos que se llevan a cabo dentro del almacén y que cuente con documentación formal tanto para la gerencia. 
650 7 |a ANALISIS OCUPACIONAL 
650 7 |b  MANUALES ADMINISTRATIVOS 3.DESCRIPCION DEL TRABAJO 
650 7 |c  ADMINISTRACION DE PERSONAL 
700 1 |a Tutor:  |b Vílchez Torres, Marcos Luis 
942 |c BK  |2 ddc 
991 |a TESIS 
999 |c 19001